Crowdfunding a P2P na vzestupu jakožto stále populárnější způsoby financování
Finančný sektor prechádza v dnešnej dobe zásadnou transformáciou. Samotné tradičné bankové služby už klientom nestačia, a preto sa do popredia dostávajú inovatívne spôsoby nakladania s financiami. Nové technológie menia spôsob, akým platíme, investujeme a spravujeme svoje úspory, ale taktiež ako si...
Salvato in:
| Autore principale: | |
|---|---|
| Natura: | Capitolo di libro |
| Lingua: | ceco |
| Soggetti: | |
| Tags: |
Nessun Tag, puoi essere il primo ad aggiungerne!!
|
MARC
| LEADER | 00000naa a2200000 4500 | ||
|---|---|---|---|
| 001 | 0307918 | ||
| 005 | 20250331133816.2 | ||
| 041 | 0 | |a cze | |
| 044 | |a CZ | ||
| 245 | 1 | 0 | |a Crowdfunding a P2P na vzestupu jakožto stále populárnější způsoby financování |c Martina Sobková |
| 520 | |a Finančný sektor prechádza v dnešnej dobe zásadnou transformáciou. Samotné tradičné bankové služby už klientom nestačia, a preto sa do popredia dostávajú inovatívne spôsoby nakladania s financiami. Nové technológie menia spôsob, akým platíme, investujeme a spravujeme svoje úspory, ale taktiež ako si požičiavame. Medzi najčastejšie alternatívne možnosti nových spôsobov riešenia financií dnes patrí crowdfunding a P2P (Peer To Peer) požičiavanie. | ||
| 610 | 2 | 0 | |a financovanie |
| 610 | 2 | 0 | |a crowdfunding |
| 610 | 2 | 0 | |a sektor finančný |
| 610 | 2 | 0 | |a služby bankové |
| 610 | 2 | 0 | |a pôžičky |
| 610 | 2 | 0 | |a technológie nové |
| 610 | 2 | 0 | |a inovácie technologické |
| 100 | 1 | |a Sobková, Martina | |